000 00276nam a2200121Ia 4500
008 190216s9999||||xx |||||||||||||| ||und||
100 _aJasveer Simh
245 0 _aHindi-Prithvi Maur Akash
260 _bRashtra Bhasha
_c2011
300 _a216
650 _aHindi
942 _cBK
999 _c16805
_d16805